| 000 | 00924cam a2200277zu 4500 | ||
|---|---|---|---|
| 001 | 10104049 | ||
| 003 | FRCYB10104049 | ||
| 005 | 20251020123008.0 | ||
| 006 | m o d | ||
| 007 | cr un | ||
| 008 | 251020s2005 fr | o|||||0|0|||fre d | ||
| 020 | _a9782847690484 | ||
| 035 | _aFRCYB10104049 | ||
| 040 |
_aFR-PaCSA _bfr _c _erda |
||
| 100 | 1 | _aBouquin, Henri | |
| 245 | 0 | 1 |
_aLes grands auteurs en contrôle de gestion _c['Bouquin, Henri'] |
| 264 | 1 |
_bEMS Editions _c2005 |
|
| 300 | _a p. | ||
| 336 |
_btxt _2rdacontent |
||
| 337 |
_bc _2rdamdedia |
||
| 338 |
_bc _2rdacarrier |
||
| 650 | 0 | _a | |
| 700 | 0 | _aBouquin, Henri | |
| 856 | 4 | 0 |
_2Cyberlibris _uhttps://international.scholarvox.com/netsen/book/10104049 _qtext/html _a |
| 520 | _aCet ouvrage évoque une trentaine de ceux qui, par la pensée, la recherche et l'action, on fait émerger un corpus, des soultions pour aujourd'hui. | ||
| 999 |
_c1552622 _d1552622 |
||